Цифровая обработка сигналов: учебное пособие

Detaylı Bibliyografya
Yazar: Якимов Е. В. Евгений Валерьевич
Müşterek Yazar: Национальный исследовательский Томский политехнический университет (ТПУ)
Özet:Заглавие с титульного экрана
Электронная версия печатной публикации
В пособии изложены основы теории цифровой обработки сигналов, методы синтеза цифровых фильтров, дискретное преобразование Фурье, методы оценки погрешностей цифровых сигналов, особенности практической реализации алгоритмов цифровой обработки информации на базе процессоров. Предназначено для студентов специальности 200106 «Информационно-измерительная техника и технологии».
Режим доступа: из корпоративной сети ТПУ
Dil:Rusça
Baskı/Yayın Bilgisi: Томск, Изд-во ТПУ, 2011
Konular:
Online Erişim:http://www.lib.tpu.ru/fulltext2/m/2012/m67.pdf
Materyal Türü: Elektronik Kitap
KOHA link:https://koha.lib.tpu.ru/cgi-bin/koha/opac-detail.pl?biblionumber=210766

MARC

LEADER 00000nlm0a2200000 4500
001 210766
005 20240112143414.0
035 |a (RuTPU)RU\TPU\book\230207 
035 |a RU\TPU\book\176944 
090 |a 210766 
100 |a 20120302d2011 m y0rusy50 ca 
101 0 |a rus 
102 |a RU 
105 |a a j 001zy 
135 |a vrcn ---uucaa 
181 0 |a i  
182 0 |a b 
200 1 |a Цифровая обработка сигналов  |e учебное пособие  |f Е. В. Якимов  |g Национальный исследовательский Томский политехнический университет (ТПУ) 
203 |a Текст  |c электронный 
210 |a Томск  |c Изд-во ТПУ  |d 2011 
300 |a Заглавие с титульного экрана 
300 |a Электронная версия печатной публикации 
330 |a В пособии изложены основы теории цифровой обработки сигналов, методы синтеза цифровых фильтров, дискретное преобразование Фурье, методы оценки погрешностей цифровых сигналов, особенности практической реализации алгоритмов цифровой обработки информации на базе процессоров. Предназначено для студентов специальности 200106 «Информационно-измерительная техника и технологии». 
333 |a Режим доступа: из корпоративной сети ТПУ 
337 |a Adobe Reader 
606 |a Сигналы  |x Цифровая обработка  |2 stltpush  |3 (RuTPU)RU\TPU\subj\67734  |9 83426 
610 1 |a аналоговые сигналы 
610 1 |a цифровые системы 
610 1 |a цифровые сигналы 
610 1 |a аналоговые сигналы 
610 1 |a квантование 
610 1 |a погрешности 
610 1 |a дискретизация 
610 1 |a цифровые БИХ-фильтры 
610 1 |a цифровые КИХ-фильтры 
610 1 |a синтез 
610 1 |a численные методы 
610 1 |a цифровая обработка 
610 1 |a преобразование Фурье 
610 1 |a цифровая обработка 
610 1 |a учебные пособия 
610 1 |a электронный ресурс 
610 1 |a труды учёных ТПУ 
675 |a 621.372.037(075.8)  |v 3 
700 1 |a Якимов  |b Е. В.  |c специалист в области контрольно-измерительной техники  |c доцент Томского политехнического университета, кандидат технических наук  |f 1975-  |g Евгений Валерьевич  |3 (RuTPU)RU\TPU\pers\28181  |9 13139 
712 0 2 |a Национальный исследовательский Томский политехнический университет (ТПУ)  |c (2009- )  |3 (RuTPU)RU\TPU\col\15902 
801 1 |a RU  |b 63413507  |c 20090708  |g PSBO 
801 2 |a RU  |b 63413507  |c 20120302  |g RCR 
856 4 |u http://www.lib.tpu.ru/fulltext2/m/2012/m67.pdf 
942 |c CF